| 000 | 00356nam a2200145Ia 4500 | ||
|---|---|---|---|
| 008 | 150201s2009 xx 000 0 und d | ||
| 082 |
_a610.733 _bW09Y |
||
| 100 | _aYALYYASWAMY , N.N. | ||
| 245 | _aWARD MANAGEMENT & SUPERVISION & PROFESSIONAL | ||
| 250 | _a1ST | ||
| 260 |
_bCBS _aDELHI _c2009 |
||
| 300 | _a296 | ||
| 650 | _aNURSING | ||
| 942 |
_2ddc _cBK _01 |
||
| 999 |
_c2025 _d2025 |
||